Welcome to the Holygrace Academy Library

Please use search bar below to get started

MASTERS OF THE UNIVERSE: SKELETOR'S ICE ATTACK (Record no. 8956)

MARC details
000 -LEADER
fixed length control field 00385nam a22001337a 4500
082 ## - DEWEY DECIMAL CLASSIFICATION NUMBER
Classification number 823
Item number GRA/S
100 ## - MAIN ENTRY--AUTHOR NAME
Personal name GRANT, JOHN
245 ## - TITLE STATEMENT
Title MASTERS OF THE UNIVERSE: SKELETOR'S ICE ATTACK
246 ## - VARYING FORM OF TITLE
Title proper/short title MASTERS OF THE UNIVERSE: SKELETOR'S ICE ATTACK
Remainder of title MASTERS OF THE UNIVERSE: SKELETOR'S ICE ATTACK
260 ## - PUBLICATION, DISTRIBUTION, ETC. (IMPRINT)
Place of publication ENGLAND
Name of publisher LADY BIRD
300 ## - PHYSICAL DESCRIPTION
Number of Pages 43
650 ## - SUBJECT ADDED ENTRY--TOPICAL TERM
Topical Term ENGLISH STORY
942 ## - ADDED ENTRY ELEMENTS (KOHA)
Koha item type Books
Holdings
Withdrawn status Lost status Collection code Home library Current library Shelving location Date acquired Source of acquisition Full call number Accession Number Koha item type
    Fiction Main Library Main Library SHELF 3- C- LADY BIRD STORY BOOKS 24/05/2014 PURCHASED 823 GRA/S 06904 Books